| 000 | 00936cam a22002174a 4500 | ||
|---|---|---|---|
| 005 | 20250605163946.0 | ||
| 008 | 250528s ||||||||||||||||||||||||d | ||
| 035 | _a15203 | ||
| 020 | _a132846470 | ||
| 040 |
_aGR-AtMCL _bgre _dGR-AtMCL _eAACR2 |
||
| 245 | 1 | _aEssential Management Accounting / Second Edition | |
| 250 | _a2nd | ||
| 260 |
_bPrentice Hall, _c1992 |
||
| 300 | _a262 | ||
| 520 | _aThis concise and practical textbook provides non-specialists with a thorough introduction to the scope of Management Accounting. Preface, Accounting and Planning and Control, The Nature of Costs, Product Costing, Cost and Revenues, Decentralized Management, Making Decisions, Capital Investment Decisions, Budgets, Variance Analysis, Presenting Reports, Abbreviations, Glossary, Appendices, Bibliography, Index. | ||
| 700 | 1 |
_aAllen W. M. _91093 |
|
| 700 | 1 |
_aMyddelton R. D _91094 |
|
| 942 | _cBK | ||
| 999 |
_c797 _d797 |
||